书目信息 |
| 题名: |
《药品临床试验管理规范》培训教材
|
|
| 作者: | 郑筱萸 主编 | |
| 分册: | ||
| 出版信息: | 北京 中国医药科技出版社 2000.08 |
|
| 页数: | 706页 | |
| 开本: | 26cm | |
| 丛书名: | ||
| 单 册: | ||
| 中图分类: | R969.4 | |
| 科图分类: | ||
| 主题词: | 药理学 | |
| 电子资源: | ||
| ISBN: | 7-5067-2327-1 | |
| 000 | 00666nam0 2200205 450 | |
| 001 | 0847169764 | |
| 005 | 20080105130650.78 | |
| 010 | @a7-5067-2327-1@b精装@dCNY138.00 | |
| 100 | @a20080105d2000 km y0chiy0120 ea | |
| 101 | 0 | @achi |
| 102 | @aCN@b110000 | |
| 200 | 1 | @a《药品临床试验管理规范》培训教材@A《yao pin lin chuang shi yan guan li gui fan》pei xun jiao cai@f郑筱萸主编@Fzheng xiao yu zhu bian |
| 210 | @a北京@c中国医药科技出版社@d2000.08 | |
| 215 | @a706页@d26cm | |
| 606 | 0 | @a药理学 |
| 690 | @aR969.4@v4 | |
| 701 | 0 | @a郑筱萸@Azheng xiao yu@4主编 |
| 801 | 0 | @aCN@b大连网信软件有限公司图书馆@c20080105 |
| 905 | @aBZT@dR969.4@e2 | |
| 906 | @dCNY138.00@n0@r1 | |
| 《药品临床试验管理规范》培训教材/郑筱萸主编.-北京:中国医药科技出版社,2000.08 |
| 706页;26cm |
| ISBN 7-5067-2327-1(精装):CNY138.00 |
| ● |
| 相关链接 |
|
|
|
正题名:《药品临床试验管理规范》培训教材
索取号:R969.4/2
 
预约/预借
| 序号 | 登录号 | 条形码 | 馆藏地/架位号 | 状态 | 备注 |
| 1 | 637635 | 2000637635 | 中心书库中库/ 中库015架B面1列4层4/ [索取号:R969.4/2] | 在馆 | |
| 2 | 637636 | 2000637636 | 中心书库中库/ 中库015架B面1列4层2/ [索取号:R969.4/2] | 在馆 | |
| 3 | 637637 | 2000637637 | 中心书库中库/ 中库015架B面1列4层5/ [索取号:R969.4/2] | 在馆 | |
| 4 | 637638 | 2000637638 | 中心书库中库/ 中库015架B面1列4层3/ [索取号:R969.4/2] | 在馆 | |
| 5 | 637639 | 2000637639 | 中心书库中库/ 中库015架B面1列4层8/ [索取号:R969.4/2] | 在馆 | |
| 6 | 637640 | 2000637640 | 中心书库中库/ 中库015架B面1列4层6/ [索取号:R969.4/2] | 在馆 | |
| 7 | 637641 | 2000637641 | 中心书库中库/ 中库015架B面1列4层7/ [索取号:R969.4/2] | 在馆 | |
| 8 | 637642 | 2000637642 | 中心书库中库/ 中库015架B面1列4层1/ [索取号:R969.4/2] | 在馆 | |
| 9 | 637643 | 2000637643 | 中心书库中库/ 中库015架B面1列4层10/ [索取号:R969.4/2] | 在馆 | |
| 10 | 637644 | 2000637644 | 中心书库中库/ 中库015架B面1列4层9/ [索取号:R969.4/2] | 在馆 |